[Event "Master Open"]
[Site "Voronezh"]
[Date "2017.06.18"]
[Round "6.60"]
[White "Kavyev, Ruslan"]
[Black "Siddharth, Sabharishankar"]
[Result "1/2-1/2"]
[WhiteElo "2188"]
[BlackElo "2087"]
[Annotator ""]
[Source ""]
[Remark ""]

1.d4 d5 2.c4 e6 3.g3 Nf6 4.Bg2 Be7 5.Nf3 O-O 6.O-O dxc4 7.Ne5
Nc6 8.Nxc6 bxc6 9.Na3 Bxa3 10.bxa3 Nd5 11.Qa4 Nb6 12.Qxc6 Rb8
13.Bf4 Bb7 14.Qxc7 Bxg2 15.Kxg2 Qxd4 16.Qxa7 Ra8 17.Qb7 Nd5 18.e3
Qc5 19.Rab1 Rxa3 20.Rb5 Nxf4+ 21.gxf4 Qd6 22.Qb6 Qd3 23.Ra5 Rxa5
24.Qxa5 c3 25.Qc5 Qd2 26.Qd4 Qb2 27.a4 Rc8 28.a5 Qa3 29.Qd7 Qc5
30.Rc1 g6 31.a6 Rc7 32.Qd3 Qc6+ 33.Kg1 Qc5 34.Kg2 Qc6+ 35.Kg1
Qc5 36.Kg2 Qc6+ 37.Kg1 1/2-1/2

[Event "Master Open"]
[Site "Voronezh"]
[Date "2017.06.18"]
[Round "6.61"]
[White "Garifullina, Leya"]
[Black "Pranav, V"]
[Result "0-1"]
[WhiteElo "1883"]
[BlackElo "2147"]
[Annotator ""]
[Source ""]
[Remark ""]

1.e4 e5 2.Nf3 Nc6 3.Bb5 a6 4.Bxc6 dxc6 5.O-O Bg4 6.h3 h5 7.d3
Bxf3 8.Qxf3 Bd6 9.Nd2 Qe7 10.Nc4 O-O-O 11.Qg3 Nf6 12.Nxd6+ Qxd6
13.f4 Nd7 14.Qf2 f6 15.Be3 b6 16.Rfd1 c5 17.c3 Qc6 18.Qf3 exf4
19.Qxf4 Rde8 20.b3 Qe6 21.Re1 g5 22.Qf2 Rhg8 23.d4 g4 24.h4 cxd4
25.cxd4 g3 26.Qe2 Qxe4 27.Qxa6+ Kb8 28.Qb5 Rg7 29.Qxh5 Rge7 30.Rad1
f5 31.Kf1 Nf6 32.Qf3 Qxf3+ 33.gxf3 Rxe3 34.Rxe3 Rxe3 35.Kg2 f4
36.Rd2 Kc8 37.d5 Kd7 38.Rd4 Re2+ 0-1

[Event "Master Open"]
[Site "Voronezh"]
[Date "2017.06.18"]
[Round "6.62"]
[White "Novikova, Galina"]
[Black "Smirnova, Ekaterina"]
[Result "1-0"]
[WhiteElo "2122"]
[BlackElo "2216"]
[Annotator ""]
[Source ""]
[Remark ""]

1.e4 e6 2.Nf3 d5 3.e5 c5 4.b4 cxb4 5.a3 Nc6 6.axb4 Bxb4 7.c3
Be7 8.d4 f6 9.Bd3 f5 10.h3 h5 11.Na3 Nh6 12.Nb5 Nf7 13.h4 a6
14.Ng5 Rb8 15.Na3 b5 16.Nc2 a5 17.Qe2 b4 18.Bf4 Bd7 19.c4 dxc4
20.Bxc4 b3 21.Ne3 Nxd4 22.Qb2 Nc2+ 23.Nxc2 bxc2 24.Qxc2 Nxg5
25.hxg5 Bxg5 26.Qd2 Bxf4 27.Qxf4 g5 28.Qd2 Qc7 29.Qe2 g4 30.Rc1
Qb6 31.O-O h4 32.Qd2 Qb4 33.Qa2 Ke7 34.Rfd1 Rb6 35.Rb1 Qc5 36.Qd2
Rd8 37.Qg5+ Ke8 38.Rxb6 Qxb6 39.Qxh4 Qc7 40.Bb5 Bxb5 41.Qh8+
Ke7 42.Qf6+ Ke8 43.Qxe6+ Kf8 44.Qxf5+ Ke8 45.Qe6+ Kf8 46.Qf6+
Ke8 47.Qh8+ Ke7 48.Qg7+ Ke8 49.Qxc7 1-0

[Event "Master Open"]
[Site "Voronezh"]
[Date "2017.06.18"]
[Round "6.63"]
[White "Tsvetkov, Andrey"]
[Black "Ioffe, Ilya"]
[Result "1-0"]
[WhiteElo "2072"]
[BlackElo "2214"]
[Annotator ""]
[Source ""]
[Remark ""]

1.d4 d5 2.c4 c6 3.Nf3 Nf6 4.g3 Bf5 5.Nc3 e6 6.Nh4 Bg4 7.Qb3 Qb6
8.f3 Bh5 9.c5 Qc7 10.Bf4 Qc8 11.e4 Be7 12.exd5 Nxd5 13.Nxd5 cxd5
14.Bxb8 Rxb8 15.Bb5+ Kf8 16.Ng2 g5 17.O-O Bf6 18.Qe3 e5 19.Rae1
exd4 20.Qb3 Kg7 21.f4 Qd8 22.fxg5 Bxg5 23.Re5 Bg6 24.Rxd5 Qe7
25.Rd7 Qxc5 26.Rdxf7+ Kh6 27.h4 Be3+ 28.Nxe3 dxe3 29.Be2 Bxf7
30.Qxf7 Rhg8 31.Qf4+ Rg5 32.hxg5+ 1-0

[Event "Master Open"]
[Site "Voronezh"]
[Date "2017.06.18"]
[Round "6.64"]
[White "Pogosian, Georgy"]
[Black "Sarvesh, Kumar A"]
[Result "1-0"]
[WhiteElo "2211"]
[BlackElo "1905"]
[Annotator ""]
[Source ""]
[Remark ""]

1.d4 Nf6 2.Nf3 e6 3.g3 b6 4.Bg2 Bb7 5.O-O c5 6.c4 d6 7.Nc3 Be7
8.d5 e5 9.e4 O-O 10.Ne1 Nbd7 11.Nd3 Re8 12.f4 Bf8 13.Bd2 a6 14.a4
Qc7 15.a5 h6 16.axb6 Qxb6 17.f5 g6 18.Be3 Qc7 19.g4 g5 20.Bf3
Nh7 21.Qd2 Reb8 22.h4 f6 23.Kg2 Nb6 24.b3 Bc8 25.hxg5 fxg5 26.Qa2
Nd7 27.Rfb1 Nb6 28.Be2 a5 29.Nb2 Qf7 30.Nba4 Nxa4 31.Qxa4 Bd7
32.Qa2 Be7 33.Qd2 Bd8 34.Ra3 a4 35.bxa4 Rxb1 36.Nxb1 Rxa4 37.Rxa4
Bxa4 38.Qa2 Bd7 39.Qa8 Qe8 40.Nc3 Nf6 41.Bf3 Bc7 42.Qa6 Kf7 43.Nb5
Qb8 44.Kg3 Bxb5 45.cxb5 Qb6 46.Qc8 Qb8 47.Qe6+ 1-0

[Event "Master Open"]
[Site "Voronezh"]
[Date "2017.06.18"]
[Round "6.65"]
[White "Zaika, Daniil"]
[Black "Ustinov, Alexey"]
[Result "1/2-1/2"]
[WhiteElo "2093"]
[BlackElo "2138"]
[Annotator ""]
[Source ""]
[Remark ""]

1.Nf3 Nf6 2.c4 e6 3.Nc3 d5 4.d4 c6 5.e3 Nbd7 6.Qc2 Bd6 7.Bd3
O-O 8.O-O Qe7 9.e4 dxc4 10.Bxc4 e5 11.d5 Nb6 12.Bb3 cxd5 13.exd5
Bg4 14.Ng5 Rac8 15.Be3 h6 16.Bxb6 hxg5 17.Be3 e4 18.Qd2 Qe5 19.f4
exf3 20.gxf3 Bh3 21.Rfe1 Qf5 22.Qf2 g4 23.f4 Rfe8 24.Bc2 g3 25.hxg3
Qh5 26.Bd1 Bg4 27.Bxa7 Rxe1+ 28.Qxe1 Re8 29.Qf2 Bb4 30.Bxg4 Nxg4
31.Qd2 Qh6 32.Bd4 Re4 33.Rd1 b6 34.Qg2 Re8 35.Ne4 Rxe4 36.Qxe4
Qh2+ 37.Kf1 Qxg3 38.Ke2 Qh2+ 39.Kd3 Bc5 40.Bxc5 bxc5 41.Qe8+
Kh7 42.Qe4+ Kg8 43.Qe8+ Kh7 44.Qe4+ Kg8 1/2-1/2

[Event "Master Open"]
[Site "Voronezh"]
[Date "2017.06.18"]
[Round "6.66"]
[White "Cherednichenko, Dmitrij"]
[Black "Lingur, Zalina"]
[Result "1-0"]
[WhiteElo "2242"]
[BlackElo "2125"]
[Annotator ""]
[Source ""]
[Remark ""]

1.d4 Nf6 2.c4 e6 3.g3 c5 4.d5 exd5 5.cxd5 d6 6.Nc3 g6 7.Bg2 Bg7
8.Nf3 O-O 9.O-O Re8 10.Nd2 Nbd7 11.h3 a6 12.a4 Qc7 13.Nc4 Nb6
14.Na3 Bd7 15.Re1 Nc8 16.e4 Rb8 17.Qd3 Nb6 18.a5 Na4 19.Nxa4
Bxa4 20.Bd2 Nd7 21.Bc3 Ne5 22.Qd2 c4 23.Rac1 Bb3 24.Re3 Qe7 25.f4
Nd3 26.Rxd3 cxd3 27.Bxg7 Kxg7 28.Qc3+ Qf6 29.Qxb3 Qd4+ 30.Kh2
Rbc8 31.Rd1 d2 32.Nc2 Qc5 33.Rxd2 Qxa5 34.Re2 Rc5 35.Nd4 Rc1
36.e5 Qc5 37.Qd3 Qc8 38.exd6 Rd8 39.Nb3 Rc4 40.Nd2 Rc1 41.Qd4+
Kg8 42.Ne4 Rc4 43.Nf6+ Kf8 44.Qe5 Rc1 45.Ne8 1-0

[Event "Master Open"]
[Site "Voronezh"]
[Date "2017.06.18"]
[Round "6.67"]
[White "Hart, Alexander"]
[Black "Pogorelskikh, Sofia"]
[Result "0-1"]
[WhiteElo "1918"]
[BlackElo "2050"]
[Annotator ""]
[Source ""]
[Remark ""]

1.d4 Nf6 2.Bg5 d5 3.Bxf6 exf6 4.e3 Be6 5.Nf3 Bd6 6.Nbd2 f5 7.c4
c6 8.Qb3 Qc7 9.Ng5 Nd7 10.Nxe6 fxe6 11.g3 O-O 12.Bg2 Nf6 13.O-O-O
Ne4 14.Rhf1 Qb6 15.f3 Nxd2 16.Rxd2 Qxb3 17.axb3 Bb4 18.Rd3 a5
19.c5 g5 20.f4 g4 21.Kd1 Kf7 22.Ke2 h5 23.h4 gxh3 24.Bxh3 Rg8
25.Kf3 Rg7 26.Rg1 Rag8 27.Rdd1 Ke7 28.Rg2 Kd7 29.Rdg1 Kc7 30.Rh2
Rh8 31.Bf1 Rg4 32.Bh3 Rg6 33.Kf2 b6 34.cxb6+ Kxb6 35.Bf1 h4 36.gxh4
Be1+ 37.Kxe1 Rxg1 38.h5 Rh6 39.Kf2 Rg7 40.Ke1 c5 41.Kd2 cxd4
42.Kd3 dxe3 43.Kd4 Rg4 44.Ke5 Rg3 45.Be2 Kc5 46.Bd1 Rg1 47.Bf3
Rf1 48.Rc2+ Kb4 49.Be2 Rf2 50.Kd4 Kxb3 51.Rc3+ Kxb2 52.Rxe3 Rxf4+
53.Kd3 a4 0-1

[Event "Master Open"]
[Site "Voronezh"]
[Date "2017.06.18"]
[Round "6.15"]
[White "Zontakh, Andrey"]
[Black "Kozionov, Kirill"]
[Result "*"]
[WhiteElo "2528"]
[BlackElo "2437"]
[Annotator ""]
[Source ""]
[Remark ""]

1.c4 c6 2.e4 d5 3.exd5 cxd5 4.d4 Nf6 5.Nc3 e6 6.Nf3 Bb4 7.Bd3
dxc4 8.Bxc4 O-O 9.O-O b6 10.Qe2 Nc6 11.Rd1 Na5 12.Bd3 Bb7 13.Bg5
Rc8 14.Rac1 Be7 15.Ne5 Nd5 16.Qh5 g6 17.Nxg6 fxg6 18.Bxg6 hxg6
19.Qxg6+ Kh8 20.Rd3 Bxg5 21.Rh3+ Bh4 22.Qh6+ Kg8 23.Qg6+ Kh8
24.Qh6+ Kg8 25.Qg6+ Kh8 *

[Event "Master Open"]
[Site "Voronezh"]
[Date "2017.06.18"]
[Round "6.16"]
[White "Ponomarev, Dmitry"]
[Black "Moiseenko, Vadim"]
[Result "*"]
[WhiteElo "2417"]
[BlackElo "2528"]
[Annotator ""]
[Source ""]
[Remark ""]

1.d4 Nf6 2.c4 c5 3.d5 b5 4.cxb5 a6 5.Nc3 axb5 6.e4 b4 7.Nb5 d6
8.Bc4 Bg4 9.f3 Bd7 10.Bf4 Nh5 11.Be3 g6 12.g4 Nf6 13.e5 Ra5 14.Qd3
dxe5 15.d6 exd6 16.Nxd6+ Bxd6 17.Qxd6 Be6 18.Qxd8+ Kxd8 19.Bxe6
fxe6 20.Nh3 Nd5 21.Kf2 Nc6 22.a3 Kd7 23.axb4 Rxa1 24.Rxa1 cxb4
25.Ng5 h5 26.h3 hxg4 27.fxg4 Rf8+ 28.Ke2 Nf4+ 29.Kd2 Rd8 30.Nf7
Rf8 31.Ng5 Rb8 32.h4 Rb5 33.Ne4 Rd5+ 34.Kc2 b3+ 35.Kxb3 Rd3+
36.Kc4 Rxe3 37.Nc5+ Kd6 38.Rh1 Re2 39.Na4 Rg2 40.h5 Rxg4 41.h6
Nh5+ 42.Kb3 Rb4+ 43.Ka3 Rb7 *

[Event "Master Open"]
[Site "Voronezh"]
[Date "2017.06.18"]
[Round "6.17"]
[White "Yudin, Sergei"]
[Black "Elistratov, Semen"]
[Result "*"]
[WhiteElo "2522"]
[BlackElo "2403"]
[Annotator ""]
[Source ""]
[Remark ""]

1.c4 e5 2.Nc3 Nf6 3.Nf3 Nc6 4.e3 Bb4 5.Qc2 Bxc3 6.Qxc3 Qe7 7.a3
a5 8.d3 O-O 9.Be2 e4 10.Nd4 Nxd4 11.Qxd4 d6 12.b3 Bf5 13.Bb2
exd3 14.Bxd3 Bxd3 15.Qxd3 Nd7 16.O-O Nc5 17.Qc2 Qe4 18.Qxe4 Nxe4
19.Rfd1 b6 20.Rab1 Nc5 21.Bc3 Rfe8 22.b4 axb4 23.axb4 Nd7 24.Kf1
f6 25.Ke2 Ra3 26.Rdc1 Kf7 27.Ra1 Rea8 28.Rxa3 Rxa3 29.f4 f5 30.Kd3
Nf6 31.Ra1 Rxa1 32.Bxa1 Ne4 33.Bb2 g6 34.b5 Ke6 35.Kd4 Nf6 36.Kd3
Ng4 37.h3 Nf2+ 38.Kd4 Ne4 39.Ba3 Kd7 40.Kd5 Nf6+ 41.Kd4 Ke6 42.Bb4
d5 43.cxd5+ Nxd5 44.Bf8 Nf6 45.Bg7 Ne4 46.Be5 Kd7 47.Kd5 Ng3
48.Bd4 h5 49.Ke5 c5 50.bxc6+ Kxc6 51.Kf6 b5 52.Kxg6 b4 53.Kg5
Kd5 54.Kh4 Ne2 55.Bb2 Ke4 56.Kxh5 Kxe3 57.Kg5 Ke4 58.h4 Nxf4
59.h5 Nxh5 60.Kxh5 f4 61.Kg4 Ke3 62.Bc1+ Kf2 63.Kxf4 Kxg2 *

[Event "Master Open"]
[Site "Voronezh"]
[Date "2017.06.18"]
[Round "6.18"]
[White "Paravyan, David"]
[Black "Maltsevskaya, Aleksandra"]
[Result "*"]
[WhiteElo "2521"]
[BlackElo "2203"]
[Annotator ""]
[Source ""]
[Remark ""]

1.d4 Nf6 2.c4 g6 3.Nc3 Bg7 4.e4 d6 5.Nf3 O-O 6.Be2 e5 7.d5 a5
8.Bg5 Qe8 9.Nd2 Na6 10.g4 h6 11.Be3 Nxg4 12.Bxg4 Bxg4 13.Qxg4
f5 14.exf5 gxf5 15.Qh3 f4 16.Rg1 fxe3 17.fxe3 Rf6 18.Nde4 Rg6
19.Ke2 Kh8 20.Qf5 Rxg1 21.Rxg1 Qe7 22.Qg6 Rf8 23.Ng3 Qf7 24.Nh5
Qxg6 25.Rxg6 Rf7 26.Ne4 Kh7 27.Re6 Bf8 28.Nhf6+ Kg7 29.Ng4 Kh7
30.h4 b6 31.h5 Rf5 32.Ngf6+ Kg7 33.Re8 Nc5 34.Nxc5 dxc5 35.Ne4
Rxh5 36.Kd3 Rf5 37.Re6 h5 38.Ng3 Rg5 39.Ne4 Rf5 40.Rc6 Bd6 41.Nxd6
cxd6 42.Rxd6 h4 43.Rd7+ Kg6 44.Rd8 Kg7 45.d6 Rf6 46.Ke2 h3 47.d7
Rd6 48.Kf2 Rd2+ 49.Kg1 Kf7 50.Rh8 Rxd7 51.Rh7+ Ke6 52.Rxd7 Kxd7
53.Kh2 Ke6 54.e4 Kf6 55.Kxh3 Kg5 56.Kg3 Kh5 *

[Event "Master Open"]
[Site "Voronezh"]
[Date "2017.06.18"]
[Round "6.19"]
[White "Gunchenko, Vadim"]
[Black "Tsydypov, Zhamsaran"]
[Result "1/2-1/2"]
[WhiteElo "2199"]
[BlackElo "2511"]
[Annotator ""]
[Source ""]
[Remark ""]

1.d4 g6 2.e4 Bg7 3.Nf3 d6 4.h3 c5 5.d5 Nf6 6.Nc3 O-O 7.Bd3 a6
8.a4 e6 9.O-O Re8 10.Bf4 Nh5 11.Bg5 Bf6 12.Be3 e5 13.Qd2 Be7
14.g4 Ng7 15.Nh2 Nd7 16.a5 h5 17.Na4 hxg4 18.hxg4 Nf6 19.f3 Nh7
20.b4 cxb4 21.Bb6 Qd7 22.Be3 Bd8 23.Qxb4 f5 24.c4 Nf6 25.g5 Nh7
26.Nb6 Bxb6 27.Qxb6 f4 28.Bc1 Qe7 29.Kf2 Nxg5 30.Ke1 Nh5 31.Ba3
Ng3 32.Bxd6 Qh7 33.Rf2 Nh1 34.Re2 Ng3 35.Rf2 Nh1 36.Re2 Ng3 37.Rf2
Nh1 38.Re2 1/2-1/2

[Event "Master Open"]
[Site "Voronezh"]
[Date "2017.06.18"]
[Round "6.20"]
[White "Golubov, Saveliy"]
[Black "Chekletsov, Ilya"]
[Result "*"]
[WhiteElo "2504"]
[BlackElo "2378"]
[Annotator ""]
[Source ""]
[Remark ""]

1.d4 Nf6 2.Nf3 e6 3.Bf4 c5 4.e3 b6 5.Nbd2 cxd4 6.exd4 Be7 7.Bd3
Ba6 8.c4 O-O 9.Qa4 Bb7 10.Rc1 d5 11.c5 Bc6 12.Qc2 b5 13.Ne5 h6
14.O-O a6 15.Ndf3 Ra7 16.a4 b4 17.Qd2 Ne4 18.Qxb4 g5 19.Qb6 *

[Event "Master Open"]
[Site "Voronezh"]
[Date "2017.06.18"]
[Round "6.21"]
[White "Iljiushenok, Ilia"]
[Black "Sergienko, Sergey"]
[Result "*"]
[WhiteElo "2496"]
[BlackElo "2344"]
[Annotator ""]
[Source ""]
[Remark ""]

1.e4 d6 2.d4 Nf6 3.Nc3 g6 4.Be3 c6 5.h3 Nbd7 6.f4 Qb6 7.Qd2 Qxb2
8.Rb1 Qa3 9.Nf3 Bg7 10.Bd3 Qa5 11.O-O Qc7 12.Qf2 b6 13.Rbe1 Bb7
14.e5 Nd5 15.Nxd5 cxd5 16.Ng5 e6 17.f5 gxf5 18.exd6 Qxd6 19.Bxf5
Rf8 20.Bf4 Qb4 21.Bxe6 O-O-O 22.c3 Qa5 23.Nxf7 Rxf7 24.Bxf7 Ba6
25.Qf3 Bxf1 26.Bxd5 Ba6 27.Be6 Bxd4+ 28.Kh1 Bb7 29.Bxd7+ *

[Event "Master Open"]
[Site "Voronezh"]
[Date "2017.06.18"]
[Round "6.22"]
[White "Gavrilov, Alexei"]
[Black "Gukesh, D"]
[Result "*"]
[WhiteElo "2495"]
[BlackElo "2332"]
[Annotator ""]
[Source ""]
[Remark ""]

1.e4 c5 2.Nf3 d6 3.Bb5+ Nc6 4.O-O Bd7 5.c3 Nf6 6.Re1 a6 7.Ba4
b5 8.Bc2 e5 9.h3 g5 10.d4 g4 11.hxg4 Bxg4 12.dxc5 dxc5 13.Qxd8+
Rxd8 14.Nh4 c4 15.Be3 Nd7 16.b4 cxb3 17.axb3 a5 18.Nf5 Bc5 19.Bd3
Bxf5 20.exf5 Bxe3 21.Bxb5 Nd4 22.cxd4 Bxd4 23.Rxa5 O-O 24.Ra2
Nc5 25.Bc4 Rb8 26.Nd2 Rb4 27.Rc2 Nb7 28.Ne4 Na5 29.Bd5 Nxb3 30.Rb1
Na1 31.Rxb4 Nxc2 32.Rb7 Kg7 33.Ng5 Ne3 34.Bxf7 Kh6 35.Ne6 Ra8
36.fxe3 Bxe3+ 37.Kh2 Ra4 38.g3 Rg4 39.Kh3 Ra4 40.Bg8 Ra7 41.Rxa7
Bxa7 42.f6 *

[Event "Master Open"]
[Site "Voronezh"]
[Date "2017.06.18"]
[Round "6.23"]
[White "Bryakin, Mikhail"]
[Black "Nihal, Sarin"]
[Result "*"]
[WhiteElo "2338"]
[BlackElo "2454"]
[Annotator ""]
[Source ""]
[Remark ""]

1.d4 d5 2.Bf4 Nf6 3.e3 c5 4.c3 Nc6 5.Nf3 Qb6 6.Qb3 c4 7.Qc2 Bf5
8.Qc1 e6 9.h3 h6 10.Nbd2 Be7 11.Be2 Rc8 12.O-O O-O 13.Re1 Rfd8
14.Bd1 Qa5 15.Bc2 Bxc2 16.Qxc2 b5 17.a3 Qb6 18.e4 dxe4 19.Nxe4
Nd5 20.Bh2 a5 21.Qe2 Nb8 22.Ne5 Nc6 23.Nf3 Qa6 24.Nfd2 Nb6 25.Nf3
Qb7 26.Nfd2 Nb8 27.Nf3 Qd5 28.Qc2 N8d7 29.Ned2 Qc6 30.Ne4 Nd5
31.Ned2 Ra8 32.Ne4 Rdc8 33.Ned2 b4 34.axb4 axb4 35.Bg3 Ra6 36.Bh2
Rca8 37.Rxa6 Qxa6 38.Rc1 bxc3 39.bxc3 Qa4 40.Bg3 Qxc2 41.Rxc2
Ra4 42.Ne5 Nxe5 43.dxe5 Bd8 44.Ne4 Ra1+ 45.Kh2 Ba5 46.Nd6 Ra4
47.Ne4 Kf8 48.f3 Ne3 49.Rc1 Ra2 50.Bf2 Nd5 51.h4 Kg8 52.Bg3 Ne3
53.Bf2 Nd5 54.Bg3 Re2 55.Ra1 Bxc3 56.Ra8+ Kh7 57.Nxc3 Nxc3 58.Rc8
Nd5 59.Rxc4 Rxg2+ 60.Kxg2 Ne3+ 61.Kh3 Nxc4 62.Kg4 Ne3+ 63.Kf4
Nf5 64.Bf2 Kg6 65.Kg4 Kh7 66.Kf4 Ne7 67.Kg4 Kg6 68.Bg3 Nd5 69.h5+
Kh7 70.Bf2 Ne7 71.Bb6 g6 72.Bd8 gxh5+ 73.Kxh5 Ng6 74.Ba5 Nxe5
75.Bd2 Nxf3 76.Bxh6 f5 77.Bg7 Ng5 78.Bf6 Nf7 79.Bd4 Kg8 80.Kg6
Kf8 81.Kf6 Nd8 82.Bc5+ Ke8 83.Ba3 Kd7 84.Ke5 Nc6+ 85.Kf4 Na5
86.Bb2 Nc4 87.Bh8 Kc6 88.Bg7 Kd5 89.Bh8 Na5 90.Bg7 Nc6 91.Bf6
Nb4 92.Bg7 Nd3+ 93.Ke3 Ne5 94.Kf4 Ng6+ 95.Kg5 f4 96.Bc3 f3 97.Be1
Ne5 98.Bh4 Nd3 *

[Event "Master Open"]
[Site "Voronezh"]
[Date "2017.06.18"]
[Round "6.24"]
[White "Ovchinnikov, Vsevolod"]
[Black "Yeletsky, Ivan"]
[Result "*"]
[WhiteElo "2325"]
[BlackElo "2415"]
[Annotator ""]
[Source ""]
[Remark ""]

1.Nf3 Nf6 2.c4 g6 3.g3 b6 4.b3 Bg7 5.Bb2 Bb7 6.Bg2 O-O 7.O-O
c5 8.d4 cxd4 9.Qxd4 d6 10.Qd2 Nbd7 11.Nc3 Rc8 12.Nd4 Bxg2 13.Kxg2
Qc7 14.e4 Qb7 15.f3 Rfd8 16.Rad1 Nc5 17.Qe2 a6 18.Rfe1 Re8 19.Ba1
Nfd7 20.Qe3 Ne5 21.Nd5 Rcd8 22.f4 Ng4 23.Qf3 Nf6 24.b4 Na4 25.e5
Nxd5 26.Qxd5 Qxd5+ 27.cxd5 dxe5 28.Nc6 exf4 29.Bxg7 Kxg7 30.Nxd8
Rxd8 31.Rxe7 Nc3 32.Rd3 Nxd5 33.Re5 Rc8 34.Rexd5 fxg3 35.hxg3
Rc2+ 36.Rd2 Rc4 37.R5d4 Rc1 38.Rd6 *

[Event "Master Open"]
[Site "Voronezh"]
[Date "2017.06.18"]
[Round "6.25"]
[White "Grachev, Andrey"]
[Black "Rodin, Dmitrij"]
[Result "*"]
[WhiteElo "2268"]
[BlackElo "2391"]
[Annotator ""]
[Source ""]
[Remark ""]

1.e4 c5 2.Nf3 e6 3.d4 cxd4 4.Nxd4 a6 5.Nc3 Qc7 6.Bd3 g6 7.Be3
Bg7 8.O-O Nf6 9.f4 d6 10.f5 Nc6 11.fxe6 fxe6 12.Nxc6 Qxc6 13.e5
dxe5 14.Bg5 O-O 15.Bxf6 Rxf6 16.Rxf6 Bxf6 17.Be4 Qb6+ 18.Kh1
Qxb2 19.Ne2 Ra7 20.Qf1 Kg7 21.Rb1 Qxa2 22.Ra1 Qc4 23.Bd3 Qc6
24.Ng3 b6 25.Qe2 Rf7 26.Rf1 b5 27.Be4 Qc7 28.Bd3 Bh4 29.Rxf7+
Kxf7 30.Qf3+ Kg7 31.Ne4 Be7 32.Qg4 Qa5 33.h3 Qe1+ 34.Kh2 Qe3
35.Qd1 Bb7 36.Nc3 Bg5 37.Ne2 e4 *

[Event "Master Open"]
[Site "Voronezh"]
[Date "2017.06.18"]
[Round "6.26"]
[White "Tunik, Gennady"]
[Black "Volovich, Vasily"]
[Result "*"]
[WhiteElo "2384"]
[BlackElo "2062"]
[Annotator ""]
[Source ""]
[Remark ""]

1.d4 e6 2.Nf3 f5 3.g3 Nf6 4.Bg2 Be7 5.O-O O-O 6.c4 Ne4 7.Qc2
Bf6 8.Nc3 d5 9.Rb1 a5 10.a3 c6 11.b4 axb4 12.axb4 Nd7 13.c5 e5
14.e3 g5 15.Bb2 Nxc3 16.Bxc3 e4 17.Nd2 f4 18.f3 fxe3 19.Nb3 exf3
20.Rxf3 Bg7 21.Rxe3 Nf6 22.Rbe1 Ne4 23.Bxe4 dxe4 24.Qxe4 Bf5
25.Qg2 Qd5 26.Qxd5+ cxd5 27.Na5 Be4 28.Rxe4 dxe4 29.Rxe4 Rf3
30.Bd2 Rd3 31.Bxg5 Rxd4 32.Rxd4 Bxd4+ 33.Kg2 Bxc5 34.Nxb7 Bxb4
35.Kf3 Rb8 36.Nd8 Rb6 37.Ke4 h6 38.Be3 Rd6 39.Nb7 Re6+ 40.Kf3
Rc6 41.Ke4 Re6+ 42.Kf3 Be7 43.Na5 Rf6+ *

[Event "Master Open"]
[Site "Voronezh"]
[Date "2017.06.18"]
[Round "6.27"]
[White "Kryukov, Denis V"]
[Black "Nesterov, Arseniy"]
[Result "*"]
[WhiteElo "2241"]
[BlackElo "2382"]
[Annotator ""]
[Source ""]
[Remark ""]

1.c4 Nf6 2.g3 c6 3.Bg2 d5 4.Nf3 Bf5 5.b3 e6 6.O-O Be7 7.Bb2 O-O
8.d3 Nbd7 9.Nh4 Bg4 10.h3 Bh5 11.g4 Ne8 12.gxh5 Bxh4 13.e3 Bf6
14.d4 Nd6 15.Nd2 Be7 16.e4 dxe4 17.Nxe4 Nxe4 18.Bxe4 Nf6 19.Bf3
Qa5 20.Kh1 Qg5 21.Qe2 Qh4 22.Kg2 Rfd8 23.Rad1 a5 24.a3 Rd7 25.Rg1
Rad8 26.Qe5 Bd6 27.Qe2 Bf8 28.Qe5 Bd6 29.Qe2 Bc7 30.d5 cxd5 31.Rd4
Qg5+ 32.Kf1 Qf5 33.cxd5 Be5 34.Bg4 Nxg4 35.hxg4 Qf6 36.Rd2 Bxb2
37.Rxb2 Rxd5 38.Rg3 Re5 39.Qf3 Qe7 40.b4 a4 41.b5 h6 42.Rb4 Rd2
43.Rxa4 Rxb5 44.Ra8+ Kh7 45.Qe4+ f5 46.gxf5 Rxf5 47.Rf3 Qc5 48.Rxf5
exf5 49.Qf3 Rd4 50.Qxb7 Qc4+ 51.Kg2 Rg4+ 52.Kh3 Qf1+ 53.Kh2 Qxf2+ *

[Event "Master Open"]
[Site "Voronezh"]
[Date "2017.06.18"]
[Round "6.28"]
[White "Kokarev, Dmitry"]
[Black "Raja, Harshit"]
[Result "*"]
[WhiteElo "2640"]
[BlackElo "2350"]
[Annotator ""]
[Source ""]
[Remark ""]

1.e4 c5 2.Nf3 Nc6 3.d4 cxd4 4.Nxd4 g6 5.c4 Nf6 6.Nc3 d6 7.Be2
Nxd4 8.Qxd4 Bg7 9.Be3 O-O 10.Qd2 a5 11.O-O a4 12.f3 Qa5 13.Rab1
Be6 14.Rfc1 Rfc8 15.b3 axb3 16.axb3 Qb4 17.Rc2 Nd7 18.Bg5 Bxc3
19.Qxc3 Qxc3 20.Rxc3 f6 21.Be3 b5 22.Rbc1 Ra2 23.R3c2 Rxc2 24.Rxc2
bxc4 25.bxc4 *

[Event "Master Open"]
[Site "Voronezh"]
[Date "2017.06.18"]
[Round "6.29"]
[White "Rozum, Ivan"]
[Black "Vaishali, R"]
[Result "*"]
[WhiteElo "2599"]
[BlackElo "2312"]
[Annotator ""]
[Source ""]
[Remark ""]

1.c4 Nf6 2.Nf3 e6 3.g3 d5 4.Bg2 dxc4 5.O-O a6 6.Qc2 Bd6 7.Qxc4
b5 8.Qc2 Bb7 9.a4 c5 10.Nc3 Qb6 11.d3 O-O 12.Bg5 Nbd7 13.e4 Ng4
14.h3 Nge5 15.Be3 Nxf3+ 16.Bxf3 f5 17.Bg2 f4 18.gxf4 Bxf4 19.Bxf4
Rxf4 20.axb5 Raf8 21.bxa6 Bxa6 22.Ne2 R4f6 23.Qc3 e5 24.Rad1
h5 25.Ng3 g6 26.Rd2 h4 27.Ne2 Kh7 28.Qc2 Qe6 29.Nc3 Rf3 30.Qd1
R3f7 31.Nd5 Nf6 32.Rc2 Nxd5 33.exd5 Qd6 34.b4 Rc7 35.bxc5 Rxc5
36.Rxc5 Qxc5 37.Be4 Kg7 38.Qg4 Qd6 39.Qxh4 Bb7 40.Rc1 Rf4 41.Qg5
Bxd5 42.Bxd5 Qxd5 43.Rc7+ Rf7 44.Rxf7+ Kxf7 45.Qe3 Kg7 46.Kh2
Qd6 47.Qe4 Qf6 48.Qe3 Qd6 49.Kg2 Qf6 50.Kg3 Qf5 51.h4 Qf6 52.Qe4
Qd6 53.Kf3 Qc5 54.Qc4 Qf8+ 55.Ke3 Qf5 56.Qe4 Qh3+ 57.Ke2 Qe6
58.Qc4 Qb6 59.Qg4 Qb2+ 60.Kf3 Qb1 61.Qd7+ Kh6 62.Kg2 Qb4 63.Qc8
Kg7 64.Qc7+ Kf6 65.Qc6+ Kg7 66.Qe4 Qd6 67.Kg3 Qc5 68.Qb7+ Kh6
69.Qf3 Qd6 70.Kg2 Kg7 71.Qg3 Qd5+ 72.Kh2 Kf7 73.f4 e4 74.dxe4
Qxe4 75.Qf2 Kg7 76.Qd2 Qf3 *

[Event "Master Open"]
[Site "Voronezh"]
[Date "2017.06.18"]
[Round "6.30"]
[White "Sadhwani, Raunak"]
[Black "Harutjunyan, Gevorg"]
[Result "*"]
[WhiteElo "2328"]
[BlackElo "2472"]
[Annotator ""]
[Source ""]
[Remark ""]

1.e4 c6 2.d4 d5 3.e5 Bf5 4.Nf3 e6 5.Be2 Nd7 6.O-O Bb4 7.Nbd2
Ba5 8.Nb3 Bc7 9.Ne1 f6 10.f4 Ne7 11.Bh5+ Bg6 12.Bg4 Nf5 13.Nd3
Qe7 14.Bh3 h5 15.Ndc5 b6 16.Nxd7 Kxd7 17.Qe2 a5 18.c3 a4 19.Nd2
Ra5 20.Nf3 Kc8 21.Bd2 Kb7 22.Rfe1 Re8 23.c4 Raa8 24.cxd5 cxd5
25.a3 Qd7 26.Rac1 Rac8 27.g3 h4 28.Bf1 Ra8 29.Qb5 Qf7 30.g4 Nh6
31.f5 Nxf5 32.gxf5 Bxf5 33.Rxc7+ Qxc7 34.Rc1 Qd8 35.Qc6+ Ka7
36.Bb4 fxe5 37.Qxa4+ Kb7 38.Qc6+ Ka7 39.dxe5 Be4 40.Qc7+ Qxc7
41.Rxc7+ Kb8 42.Bd6 *

[Event "Master Open"]
[Site "Voronezh"]
[Date "2017.06.18"]
[Round "6.31"]
[White "Korchmar, Vasiliy"]
[Black "Nazaretyan, Tigran"]
[Result "*"]
[WhiteElo "2422"]
[BlackElo "2328"]
[Annotator ""]
[Source ""]
[Remark ""]

1.d4 Nf6 2.c4 d6 3.Nc3 e5 4.Nf3 Nbd7 5.e4 Be7 6.Be2 O-O 7.O-O
c6 8.Qc2 a6 9.Rd1 Qc7 10.a4 a5 11.d5 cxd5 12.cxd5 Nc5 13.Nb5
Qd8 14.Nxe5 Nfxe4 15.f3 Nf6 16.Nc4 b6 17.Bf4 Ne8 18.Bf1 Ba6 19.Nd4
Bf6 20.Nc6 Qc7 21.Qf2 Bb7 22.Qg3 Bxc6 23.Nxd6 Nxd6 24.Bxd6 Qc8
25.dxc6 Qxc6 26.Bb5 Qb7 27.Bxf8 Rxf8 28.Rab1 Qe7 29.Qd6 Qe3+
30.Kh1 Be5 31.Qd2 Qb3 32.Qd5 Qxd5 33.Rxd5 Bc7 34.Re1 g6 35.g3
Rc8 36.Re8+ Rxe8 37.Bxe8 Kf8 38.Bb5 Ke7 39.Kg2 Ke6 40.Rd2 h5
41.Re2+ Kf6 42.f4 h4 43.Re8 hxg3 44.hxg3 Bd6 45.Kf3 g5 46.Rc8
gxf4 47.Rc6 Ke5 48.gxf4+ Kd5 49.Rxb6 f5 50.Be8 Nd3 51.Bf7+ Kc5
52.Rb5+ Kc6 53.Rxf5 Nxb2 54.Rxa5 Nd3 55.Be8+ Kc7 56.f5 Nc5 57.f6
Kb6 58.Rb5+ Ka6 59.f7 Bf8 60.Rb1 Ne6 61.Kg4 Ka7 62.Kf5 Nd4+ 63.Kg6
Ne6 64.Kh7 Ba3 65.Kg8 Nf8 66.Bc6 Ng6 67.Be4 Nf8 68.Rb7+ Ka6 69.Rb3
Bd6 70.Rb8 *

[Event "Master Open"]
[Site "Voronezh"]
[Date "2017.06.18"]
[Round "6.32"]
[White "Tsoi, Dmitry"]
[Black "Shagbazyan, Taron"]
[Result "*"]
[WhiteElo "2326"]
[BlackElo "2406"]
[Annotator ""]
[Source ""]
[Remark ""]

1.e4 Nf6 2.Nc3 d5 3.e5 d4 4.exf6 dxc3 5.fxg7 cxd2+ 6.Qxd2 Qxd2+
7.Bxd2 Bxg7 8.O-O-O Bf5 9.Nf3 Nd7 10.Bc4 Bf6 11.Rhe1 e6 12.Be3
a6 13.Nd4 Bxd4 14.Bxd4 Rg8 15.h3 h5 16.Be2 Bg6 17.Bf3 O-O-O 18.g3
Rge8 19.Be3 e5 20.Bg5 f6 21.Bh4 Re6 22.Bd5 Rd6 23.f4 Re8 24.fxe5
fxe5 25.Bf3 e4 26.Be2 Ne5 27.Rxd6 cxd6 28.Rd1 Kc7 29.Bg5 Kc6
30.Be3 Bf7 31.b3 b5 32.a3 Nf3 33.Bf4 d5 34.Rf1 Be6 35.Bxf3 exf3
36.Rxf3 Bxh3 37.Rc3+ Kb6 38.Rc7 Bg4 39.Rf7 Re2 40.Rf6+ Re6 41.Rf8
Kc5 42.Kb2 Re2 43.Kc3 a5 44.Kd3 Re4 45.Rf6 Re6 46.Be3+ Kc6 47.Rf8
Re4 48.Rb8 Bf5 49.Rb6+ Kd7 50.Kd2 b4 51.a4 h4 52.gxh4 Rxh4 53.Rh6
Rxh6 54.Bxh6 *